Szegedi zenész váratlan halála Szolnokon [rövid hír]
Elmentve itt :
| Dokumentumtípus: | Cikk |
|---|---|
| Megjelent: |
1940-06-28
|
| Sorozat: | Délmagyarország
16 No. 145 |
| Kulcsszavak: | Rubin Gyula, Haláleset |
| Online Access: | http://dmarchiv.bibl.u-szeged.hu/41205 |
| LEADER | 00440nab a2200145 i 4500 | ||
|---|---|---|---|
| 001 | delm41205 | ||
| 005 | 20180927130019.0 | ||
| 008 | 180927s1940 hu o 0|| hun d | ||
| 040 | |a SZTE Délmagyarország Archívum |b hun | ||
| 041 | |a hun | ||
| 245 | 0 | 0 | |a Szegedi zenész váratlan halála Szolnokon |h [elektronikus dokumentum] : |b [rövid hír] |
| 260 | |c 1940-06-28 | ||
| 300 | |a 7 | ||
| 490 | 0 | |a Délmagyarország |v 16 No. 145 | |
| 695 | |a Rubin Gyula, Haláleset | ||